000 01498nam0a22002891 4500
001 rc\3921991
005 20260407214743.0
021 _aRU
_b[52-21789]
035 _a(NLR Aleph) 008026507
090 _a8793941
_c8793941
100 _a20130415d1952 |||y0rusy50 ca
101 0 _arus
102 _aRU
105 _aa z |||||
200 1 _aТермохимический метод определения начальной активности цемента
210 _aМосква
_cПромстройиздат
_d1952
215 _a16 с.
_cчерт.
_d22
225 1 _aМинистерство промышленности строительных материалов СССР. Технический совет и Техническое управление. Центральное бюро технической информации. [Информационные сообщения]
300 _aАвт. указан на обороте тит. л.: канд. тех. наук Т.М. Беркович
606 _aЦемент
_xАктивность
_xОпределение
_2psbo
700 1 _aБеркович
_bТ.М.
_gТобиас Моисеевич
712 0 1 _aСССР
_bМинистерство промышленности строительных материалов
_bТехническое управление
_3RU\NLR\AUTH\8810144544
_9783523
801 0 _aRU
_bNLR
_gpsbo
801 1 _aRU
_bELAR
_2rusmarc
852 _aNLR
_jТ80 Г-6/1176
942 _cBOOK
980 _aNB